Investigation exposes land sales scam (Record no. 78657)

MARC details
000 -LEADER
fixed length control field 01231cad a22002055a 4500
001 - CONTROL NUMBER
control field L137555
008 - FIXED-LENGTH DATA ELEMENTS--GENERAL INFORMATION
fixed length control field 070413e20070314xxk f f000 0 eng d
035 ## - SYSTEM CONTROL NUMBER
System control number (Sirsi) u137555
041 0# - LANGUAGE CODE
Language code of text/sound track or separate title eng
110 1# - MAIN ENTRY--CORPORATE NAME
Corporate name or jurisdiction name as entry element United Kingdom
Subordinate unit Insolvency Service
9 (RLIN) 5162
245 00 - TITLE STATEMENT
Title Investigation exposes land sales scam
Medium [electronic resource]
260 ## - PUBLICATION, DISTRIBUTION, ETC.
Place of publication, distribution, etc. London
Name of publisher, distributor, etc. Insolvency Service
490 ## - SERIES STATEMENT
Series statement Insolvency Service Press Notice
Volume/sequential designation Ins/Com/48
520 ## - SUMMARY, ETC.
Summary, etc. Reports how a company marketing plots of land on behalf of a land bank business has been wound up after an investigation by the Companies Investigation Branch of the Insolvency Service. The investigation found that the company, Actionjack, had been offering investment advice to the public despite its sales staff having had no previous experience or qualifications to advise on purchasing land as an investment. Also found that the company?s promotional literature had made some very dubious claims.
590 ## - LOCAL NOTE (RLIN)
Local note KA
651 #4 - SUBJECT ADDED ENTRY--GEOGRAPHIC NAME
Geographic name United Kingdom
Chronological subdivision
690 ## - LOCAL SUBJECT ADDED ENTRY--TOPICAL TERM (OCLC, RLIN)
Topical term or geographic name as entry element ENVIRONMENTAL AND LAND CONSULTANCY
856 40 - ELECTRONIC LOCATION AND ACCESS
Uniform Resource Identifier <a href="https://www.gnn.gov.uk/environment/fullDetail.asp?ReleaseID=271154&NewsAreaID=2&NavigatedFromDepartment=True">https://www.gnn.gov.uk/environment/fullDetail.asp?ReleaseID=271154&NewsAreaID=2&NavigatedFromDepartment=True</a>
Public note View the item free of charge at www.gnn.gov.uk...
942 ## - ADDED ENTRY ELEMENTS (KOHA)
Suppress in OPAC 0
Holdings
Withdrawn status Lost status Source of classification or shelving scheme Damaged status Not for loan Home library Current library Shelving location Date acquired Total Checkouts Full call number Barcode Date last seen Copy number Price effective from Koha item type
    Dewey Decimal Classification     Virtual Virtual Online 13/04/2007   L137555 137555-1001 06/08/2019 1 06/08/2019 Journal article